01058nas a2200253Ia 4500001001100000003000900011008004100020040001300061040001300074041001300087100004400100210001200144222001200156245011200168250001100280260002200291501008600313300001900399362003100418500026200449650004300711700002100754700002900775R142/E8282IT-RoPAU151124c99999999xx |||||||||||| ||und|| aIT-RoPAU cIT-RoPAU aFRANCESE aCaby LaurencegCodice Aut. SPICS: 49357 aRESEAUX aReseaux aRESEAUX, N.084 (LUGLIO/AGOSTO 1997)bUsages Des Reseaux Electroniques Et la Structuration Des Marches (Les) a1a ed. aPARISbCNETc1997 bPaulus - SPICS - Società San Paolo EM (non-commercial uses only)cCopyright2015 a17 p. [93-109] aN.084 (LUGLIO/AGOSTO 1997) aUsi Delle Reti Elettroniche e Strutturazione dei Mercati: Caso della Farmacia e della Pubblicità in Francia. Teoria dei Costi di Transazione e Reti Elettroniche. Servizi a Valore Aggiunto e Reti. Avvenire Delle Reti Farmaceutiche. Reti Elettroniche della  aCOMUNICAZIONEvPUBBLICAZIONE PERIODICA aJaeger Christine gCodice Aut. SPICS: 37384